=LDR 00000nam 2200000 4500 =001 INLIS000000000043381 =005 20131008103133 =008 ***********************************ind** =035 ##$$0010-101300000001303 =041 ##$$a ind =082 ##$$a 618.24 =090 ##$$a 618.24, Keh =245 ##$$a Kehamilah, kelahiran, perawatan ibu dan bayi : dalam konteks budaya. Penyunting Mentia F Swasono =260 ##$$a 1997 $b Jakarta =300 ##$$a xiv, 360 hlm, 23 cm =650 ##$$a KEHAMILAN =850 ##$$a NBPNMAT